=LDR 00000nam 2200000 4500 =001 INLIS000000000025551 =005 20130612124042 =008 ***********************************Ind** =035 ##$$0010-061300000025551 =041 ##$$a Ind =082 ##$$a 899 =090 ##$$a 899, Sla a =100 ##$$a Selamatmuljana =245 ##$$a Asal bangsa dan bahasa nusantara, Slametmuljana =260 ##$$a 1975 $b Jakarta =300 ##$$a 119 hlm, 21 cm =650 ##$$a Bahasa =850 ##$$a NBPNMAT